000
00309nam a22001337a 4500
008
171017b xxu||||| |||| 00| 0 eng d
020
_a
0135176999
041
_a
eng
080
_2
9TH
_a
33
100
_a
52
101
_a
EKO
245
_a
LABOR ECONOMICS AND LABOR RELATIONS
_c
REYNOLDS,LL.G
942
_2
udc
_c
BK
999
_c
34314
_d
34314